000 00283nam a2200121Ia 4500
008 191201s2002 xx 000 0 und d
100 _aNICODEMI,Olympia
245 0 _aDiscrete Mathematics
260 _aN. delhi
_bCBS PUB
_c2002
300 _a491
650 _aMCA
942 _2ddc
_cBK
_02
999 _c6276
_d6276